Movies Quiz

Random Movies or Oscar Quiz

Women with Their Oscars Quiz Stats

Quiz Updated Feb 18, 2016

Challenge
Share
Tweet
Score 0/35 Timer 06:00
4 Plays Today
Oscar winner % Correct
Angelina Jolie
94.2%
Halle Berry
93.9%
Meryl Streep
91%
Anne Hathaway
90.8%
Whoopi Goldberg
90.4%
Cher
90.2%
Sandra Bullock
87%
Jennifer Lawrence
86.7%
Helen Mirren
79.6%
Jodie Foster
79%
Judi Dench
78.8%
Hillary Swank
74.4%
Reese Witherspoon
74.2%
Penélope Cruz
74.1%
Charlize Theron
73.6%
Helen Hunt
71.3%
Julie Andrews
69.1%
Elizabeth Taylor
69.1%
Oscar winner % Correct
Catherine Zeta-Jones
68.3%
Jennifer Hudson
68%
Liza Minnelli
67.8%
Sally Field
62.3%
Tilda Swinton
60.8%
Marisa Tomei
58.1%
Grace Kelly
57.9%
Jessica Tandy
53%
Emma Thompson
52%
Jessica Lange
50.7%
Ingrid Bergman
49.6%
Bette Davis
49.3%
Octavia Spencer
41.2%
Frances McDormand
39.7%
Vivien Leigh
38.8%
Mo'Nique
34%
Cloris Leachman
25.9%

You're not logged in!

Compare scores with friends on all Sporcle quizzes.
Join for Free
OR
Log In

You Might Also Like...

Show Comments

Extras

Top Quizzes Today


Score Distribution

Your Account Isn't Verified!

In order to create a playlist on Sporcle, you need to verify the email address you used during registration. Go to your Sporcle Settings to finish the process.

Report this User

Report this user for behavior that violates our Community Guidelines.

Details: